000
00288nam a22001217a 4500
020
_a
NA
082
_2
22
_a
338
100
_a
Krjgman Paul, wells Robin and Myatt anthony.
245
_a
Micro economics /
260
_a
Worth,
_b
Worth,
_c
c2006
300
_a
504p,;
_b
NA
_c
24cm.
942
_2
ddc
_c
MAG
999
_c
2834
_d
2834